من أجل استراتيجية لتعليم مؤهل للشغل في العالم الإسلامي / (Record no. 6730)

MARC details
000 -الفاتح
حقل البيانات ثابتة الطول 00909nac a22001931u 4500
008 - عناصر البيانات ثابتة الطول - معلومات عامة
حقل البيانات ثابتة الطول 101111s2000 xxu||||| |||| 00| 0 ara d
022 ## -
-- 9981262196
082 ## - رقم تصنيف ديوى العشرى
رقم التصنيف 371.207956
رقم المادة ب و ب
100 1# - المدخل الرئيسى - إسم شخصى
الإسم الشخصى بوبكري ، محمد
9 (RLIN) 21164
245 ## - بيان العنوان
العنوان من أجل استراتيجية لتعليم مؤهل للشغل في العالم الإسلامي /
بيان المسئوليه,etc محمد بوبكري
260 ## - PUBLICATION, DISTRIBUTION, ETC. (IMPRINT)
مكان الناشر او الموزع الرباط :
اسم الناشر او الموزع المنظمة الإسلامية للتربية والثقافة والعلوم. إيسسيسكو، 2000
تاريخ النشر أو التوزيع 2000.
300 ## - الوصف المادى
التعداد 64 ص ؛
أبعاد الوعاء 24 سم.
504 ## - تبصرة ببليوجرافية
تبصرة ببليوجرافية,الخ يشتمل على إرجاعات ببليوجرافية ص 59-61
511 ## -
-- Catalogued by: Sara
541 ## - تبصرة المصدر المباشر للتزويد
مصدر التزويد إهداء ؛
طريقة التزويد مكتبة الإسكندرية ؛
650 ## - المدخل الاضافى بالموضوع-مصطلح موضوعى
مصطلح موضوعي أو اسم جغرافي كعنصر مدخل السياسة التعليمية
9 (RLIN) 21499
651 ## - المدخل الاضافى بالموضوع - اسم جغرافى
9 (RLIN) 21500
الاسم الجغرافي العالم الإسلامي
التقسيم الفرعي العام التخطيط التربوي
942 ## - عناصر المدخل الإضافي( كوها)
Koha [default] item type Book - Borrowing
سابقة رقم الطلب 371.207956 ب و ب
مصدر التصنيف او مخطط الترفيف Dewey Decimal Classification
Holdings
حالة التراجع حالة الفقد مصدر التصنيف او خطة الترفيف حالة تلف ليس للاعارة مجموعات كوها المكان الدائم المكان الحالي موقع الترفيف تاريخ الاكتساب Source of acquisition رقم الاستدعاء الباركود Date last seen نوع الوعاء
    Dewey Decimal Classification     Donation-Gift Central Library Central Library First floor 02/12/2007   371.207956 ب و ب 000008387 15/07/2025 Book - Borrowing